000
00256nam a2200097Ia 4500
001
726146
005
20250826163423.0
008
250824s9999 xx 000 0 und d
245
0
_a
HADİ AMA BABA!
_c
CHRİSTİNE NÖSTLİNGER
260
_b
GÜNIŞIĞI KİTAPLIĞI
999
_c
726146
_d
726146